Ethnic conflict in Sri Lanka and role of Indian peace keeping force (IPKF) / (Record no. 65394)

MARC details
000 -LEADER
fixed length control field 00474nam a22001457a 4500
005 - DATE AND TIME OF LATEST TRANSACTION
control field 20120420151029.0
020 ## - INTERNATIONAL STANDARD BOOK NUMBER
International Standard Book Number 8176481076
Terms of availability 00.00
035 ## - SYSTEM CONTROL NUMBER
System control number A-991581
037 ## - SOURCE OF ACQUISITION
Stock number DPL
Source of stock number/acquisition ENG
100 ## - MAIN ENTRY--PERSONAL NAME
Personal name Ghosh, P.A.
245 ## - TITLE STATEMENT
Title Ethnic conflict in Sri Lanka and role of Indian peace keeping force (IPKF) /
Statement of responsibility, etc by P.A. Ghosh
260 ## - PUBLICATION, DISTRIBUTION, ETC. (IMPRINT)
Place of publication, distribution, etc New Delhi
Name of publisher, distributor, etc A.P.H. Publishing Corporation
Date of publication, distribution, etc 1999
300 ## - PHYSICAL DESCRIPTION
Extent xxv, 215p.
Dimensions 20 cms.
942 ## - ADDED ENTRY ELEMENTS (KOHA)
Source of classification or shelving scheme Dewey Decimal Classification
Item type English Books
Classification part 305.89540548
Call number suffix GHO

No items available.


© Delhi Public Library
Hit Counter
free hit counter